| 000 | 01060cab a22002055a 4500 | ||
|---|---|---|---|
| 001 | L142994 | ||
| 008 | 080401e20080314xxk f 000 0 eng d | ||
| 035 | _a(Sirsi) u142994 | ||
| 041 | 0 | _aeng | |
| 100 | 1 | _aKennett, Stephen | |
| 245 | 0 | 0 | _aExcellent isn't good enough |
| 260 | _c2008 | ||
| 490 | 0 |
_aBuilding _v273(8519) 14 March 2008, 28-29(2) |
|
| 520 | _aDiscusses plans to overhaul the environmental assessment method, BREEAM. The current system is thought to be too weak, with excellence ratings given out too readily and strangely weighted rating criteria. To address these problems, the new BREEAM will introduce minimum requirements for energy and water consumption, post-construction certification, an outstanding category, rewards for environmental innovations, and minimum requirements for materials selection. The changes to BREEAM will be launched in May and will come into force in August. | ||
| 590 | _aKA | ||
| 650 | 2 | 4 | _aBREEAM RATING |
| 651 | 4 |
_aUnited Kingdom _y |
|
| 690 | _aBUILT ENVIRONMENT-SUSTAINABLE CONSTRUCTION | ||
| 942 | _n0 | ||
| 999 |
_c80002 _d80002 |
||